European Capitals of the USA Quiz Stats

Quiz Updated Dec 1, 2015

Challenge
Share
Tweet
Embed
Score 0/21 Timer 03:00
9 Plays Today
% Correct
London
94.6%
Athens
93.9%
Paris
93.5%
Rome
91.4%
Dublin
91.4%
Berlin
91.3%
Amsterdam
87.2%
Madrid
84.6%
Vienna
83%
Lisbon
80.6%
Moscow
78.9%
% Correct
Brussels
74.5%
Bern
73.8%
Warsaw
71.8%
Oslo
71.1%
Prague
65.9%
Stockholm
65.8%
Copenhagen
60.1%
Belgrade
45.2%
Riga
33.6%
San Marino
32.1%

You're not logged in!

Compare scores with friends on all Sporcle quizzes.
Join for Free
OR
Log In

You Might Also Like...

Show Comments

Extras

Top Quizzes Today


Score Distribution

Your Account Isn't Verified!

In order to create a playlist on Sporcle, you need to verify the email address you used during registration. Go to your Sporcle Settings to finish the process.

Report this User

Report this user for behavior that violates our Community Guidelines.

Details: